00494nam a2200169 a 45000010005000000030009000050080041000140200015000550400028000700820015000981000025001132450068001382600041002063000011002476500023002586500043002818237CO-ViMGA141112s2004 ck r 000 u spa d a4563456789 aCO-ViMGAbspacCO-ViMGA04a658.4 M8421 aArango, Luz Gabriela10aMujeres Ejecutivas : bdilemas comunes / cArango Luz Gabriela  aBogotá, cUniandes, cEcoe, c1995 a275 p.14amujeres ejecutivas14atrabajo de la mujer - América Latina